[Event "World Senior Championship F50+/F65+"]
[Site "Katerini"]
[Date "2014.10.27"]
[Round "4.9"]
[White "Sinchurina, Tatiana"]
[Black "Sand, Rosemarie"]
[Result "1-0"]
[WhiteElo "1985"]
[BlackElo "1651"]
[EventDate "2014.10.24"]

1. e4 {[%clk 1:30:52]} c5 {[%clk 1:30:53]} 2. Nf3 {[%clk 1:31:15]} d6
{[%clk 1:31:14]} 3. d4 {[%clk 1:31:39]} cxd4 {[%clk 1:31:34]} 4. Nxd4
{[%clk 1:32:06]} Nf6 {[%clk 1:31:47]} 5. Nc3 {[%clk 1:32:28]} a6 {[%clk 1:31:53]}
6. Be2 {[%clk 1:32:33]} e5 {[%clk 1:31:40]} 7. Nb3 {[%clk 1:31:45]} Be7
{[%clk 1:30:14]} 8. Be3 {[%clk 1:31:08]} Be6 {[%clk 1:29:42]} 9. Nd5
{[%clk 1:29:50]} Bxd5 {[%clk 1:26:40]} 10. exd5 {[%clk 1:29:45]} Nbd7
{[%clk 1:25:58]} 11. c4 {[%clk 1:28:38]} O-O {[%clk 1:23:36]} 12. O-O
{[%clk 1:27:54]} Rc8 {[%clk 1:18:01]} 13. Nd2 {[%clk 1:18:14]} a5
{[%clk 1:10:03]} 14. a4 {[%clk 1:16:22]} Nc5 {[%clk 1:02:49]} 15. Bxc5
{[%clk 1:07:58]} dxc5 {[%clk 0:59:47]} 16. Qc2 {[%clk 1:04:34]} Bd6
{[%clk 0:57:58]} 17. Ra3 {[%clk 1:04:11]} Qe7 {[%clk 0:53:35]} 18. Rh3
{[%clk 1:02:11]} g6 {[%clk 0:49:50]} 19. Re1 {[%clk 1:01:44]} Nd7
{[%clk 0:45:12]} 20. Ne4 {[%clk 0:39:37]} f5 {[%clk 0:42:23]} 21. Nxd6
{[%clk 0:37:40]} Qxd6 {[%clk 0:42:48]} 22. Qd2 {[%clk 0:37:40]} b6
{[%clk 0:41:46]} 23. Qh6 {[%clk 0:36:51]} Rf7 {[%clk 0:40:48]} 24. b3
{[%clk 0:35:22]} Rcf8 {[%clk 0:35:40]} 25. Bd1 {[%clk 0:34:15]} Nf6
{[%clk 0:26:13]} 26. Rg3 {[%clk 0:32:08]} Rg7 {[%clk 0:23:48]} 27. h4
{[%clk 0:31:55]} Ne4 {[%clk 0:16:32]} 28. Rxe4 {[%clk 0:30:16]} fxe4
{[%clk 0:16:17]} 29. Bg4 {[%clk 0:29:52]} Qf6 {[%clk 0:14:10]} 30. Be6+
{[%clk 0:29:51]} Kh8 {[%clk 0:13:50]} 31. Qe3 {[%clk 0:29:32]} Qxh4
{[%clk 0:12:51]} 32. Rg4 {[%clk 0:29:39]} Qf6 {[%clk 0:11:41]} 33. Rxe4
{[%clk 0:29:43]} Re7 {[%clk 0:11:03]} 34. Rxe5 {[%clk 0:29:22]} Rd8
{[%clk 0:08:46]} 35. Re4 {[%clk 0:28:45]} Kg7 {[%clk 0:05:17]} 36. Rf4
{[%clk 0:28:09]} Qa1+ {[%clk 0:05:16]} 37. Kh2 {[%clk 0:28:19]} Qb2
{[%clk 0:02:34]} 38. Rh4 {[%clk 0:23:22]} Qf6 {[%clk 0:02:30]} 39. Qh6+
{[%clk 0:21:41]} Kh8 {[%clk 0:02:59]} 40. Rf4 {[%clk 0:42:37]} Qe5
{[%clk 0:32:23]} 41. Kh3 {[%clk 0:37:16]} Qg7 {[%clk 0:30:41]} 42. Qg5
{[%clk 0:36:00]} Rde8 {[%clk 0:15:34]} 43. g3 {[%clk 0:33:53]} h6
{[%clk 0:11:58]} 44. Qg4 {[%clk 0:33:55]} Kh7 {[%clk 0:11:52]} 45. Qf3
{[%clk 0:32:58]} Rd8 {[%clk 0:07:37]} 46. Rf6 {[%clk 0:32:08]} Rd6
{[%clk 0:07:30]} 47. Qf4 {[%clk 0:31:35]} Rd8 {[%clk 0:07:46]} 48. g4
{[%clk 0:24:49]} Rd6 {[%clk 0:07:45]} 49. Kg3 {[%clk 0:18:14]} Rdxe6
{[%clk 0:06:04]} 50. dxe6 {[%clk 0:18:10]} Kh8 {[%clk 0:04:52]} 51. g5
{[%clk 0:16:49]} h5 {[%clk 0:05:07]} 52. Qd6 {[%clk 0:15:44]} Kg8
{[%clk 0:04:41]} 53. Qxb6 {[%clk 0:15:46]} Rb7 {[%clk 0:04:42]} 54. Qd8+
{[%clk 0:15:28]} Kh7 {[%clk 0:05:10]} 55. f3 {[%clk 0:15:29]} 1-0

[Event "World Senior Championship F50+/F65+"]
[Site "Katerini"]
[Date "2014.10.27"]
[Round "4.11"]
[White "Baliuniene, Margarita"]
[Black "Pelias, Marilyn"]
[Result "1-0"]
[WhiteElo "1961"]
[BlackElo "1613"]
[EventDate "2014.10.24"]

1. d4 {[%clk 1:30:57]} d5 {[%clk 1:30:38]} 2. c4 {[%clk 1:31:22]} e5
{[%clk 1:31:00]} 3. dxe5 {[%clk 1:31:27]} d4 {[%clk 1:31:05]} 4. Bf4
{[%clk 1:27:51]} Nc6 {[%clk 1:28:31]} 5. Nf3 {[%clk 1:27:43]} Nge7
{[%clk 1:28:27]} 6. g3 {[%clk 1:26:11]} Bf5 {[%clk 1:26:36]} 7. Bg2
{[%clk 1:25:21]} Nb4 {[%clk 1:24:19]} 8. Na3 {[%clk 1:14:32]} Ng6
{[%clk 1:19:29]} 9. Nxd4 {[%clk 1:09:05]} Nxf4 {[%clk 0:59:38]} 10. gxf4
{[%clk 1:09:29]} Qd7 {[%clk 0:56:56]} 11. Nxf5 {[%clk 1:05:55]} Qxf5
{[%clk 0:56:59]} 12. Bxb7 {[%clk 1:03:50]} Rd8 {[%clk 0:52:32]} 13. Qa4+
{[%clk 1:03:52]} Qd7 {[%clk 0:41:35]} 14. Qxd7+ {[%clk 1:03:57]} Rxd7
{[%clk 0:41:05]} 15. Rd1 {[%clk 1:00:35]} Rxd1+ {[%clk 0:38:09]} 16. Kxd1
{[%clk 1:01:00]} c6 {[%clk 0:36:26]} 17. Nc2 {[%clk 1:00:20]} Kd7
{[%clk 0:34:49]} 18. Nxb4 {[%clk 0:59:41]} Bxb4 {[%clk 0:34:57]} 19. a3
{[%clk 1:00:01]} Bc5 {[%clk 0:34:46]} 20. b4 {[%clk 1:00:01]} Bxf2
{[%clk 0:34:47]} 21. b5 {[%clk 1:00:21]} cxb5 {[%clk 0:33:42]} 22. cxb5
{[%clk 1:00:47]} Kc7 {[%clk 0:31:24]} 23. Be4 {[%clk 0:54:49]} Be3
{[%clk 0:27:05]} 24. Rf1 {[%clk 0:52:15]} Kb6 {[%clk 0:26:18]} 25. Rf3
{[%clk 0:51:46]} Bc5 {[%clk 0:24:12]} 26. Bc6 {[%clk 0:44:00]} Ka5
{[%clk 0:22:52]} 27. Kc2 {[%clk 0:43:42]} a6 {[%clk 0:17:21]} 28. bxa6
{[%clk 0:43:17]} Kxa6 {[%clk 0:17:21]} 29. a4 {[%clk 0:43:20]} Ka5
{[%clk 0:17:06]} 30. Bb5 {[%clk 0:43:25]} Rc8 {[%clk 0:16:44]} 31. Kb3
{[%clk 0:41:52]} Bg1 {[%clk 0:14:19]} 32. h3 {[%clk 0:41:53]} Rc1
{[%clk 0:13:57]} 33. f5 {[%clk 0:38:27]} Re1 {[%clk 0:12:21]} 34. e6
{[%clk 0:38:28]} Bc5 {[%clk 0:11:00]} 35. exf7 {[%clk 0:38:01]} Rd1
{[%clk 0:08:55]} 36. f6 {[%clk 0:37:51]} g5 {[%clk 0:07:56]} 37. Rf5
{[%clk 0:37:25]} Bb4 {[%clk 0:03:55]} 38. Bd3+ {[%clk 0:37:20]} Kb6
{[%clk 0:03:07]} 39. Kxb4 {[%clk 0:37:43]} g4 {[%clk 0:02:00]} 40. f8=Q
{[%clk 1:08:01]} Rc1 {[%clk 0:31:15]} 41. Qb8+ {[%clk 1:07:14]} Kc6
{[%clk 0:31:21]} 42. Bb5# {[%clk 1:07:06]} 1-0

[Event "World Senior Championship F50+/F65+"]
[Site "Katerini"]
[Date "2014.10.28"]
[Round "5.1"]
[White "Mednikova, Svetlana"]
[Black "Kasoshvili, Tsiala"]
[Result "1/2-1/2"]
[WhiteElo "2154"]
[BlackElo "2161"]
[EventDate "2014.10.24"]

1. e4 {[%clk 1:30:59]} c6 {[%clk 1:30:56]} 2. d4 {[%clk 1:31:20]} d5
{[%clk 1:28:31]} 3. Nd2 {[%clk 1:31:01]} g6 {[%clk 1:22:02]} 4. c3
{[%clk 1:30:08]} Bg7 {[%clk 1:21:28]} 5. Bd3 {[%clk 1:28:42]} Nd7
{[%clk 1:18:03]} 6. Ngf3 {[%clk 1:24:43]} dxe4 {[%clk 1:17:56]} 7. Nxe4
{[%clk 1:25:03]} Ngf6 {[%clk 1:18:23]} 8. Nxf6+ {[%clk 1:23:54]} Nxf6
{[%clk 1:18:47]} 9. O-O {[%clk 1:24:08]} O-O {[%clk 1:19:15]} 10. Ne5
{[%clk 1:23:54]} Be6 {[%clk 1:10:02]} 11. Re1 {[%clk 1:22:07]} Qd6
{[%clk 1:04:58]} 12. Qe2 {[%clk 1:11:07]} Rfe8 {[%clk 0:58:35]} 13. Bg5
{[%clk 1:05:20]} Rad8 {[%clk 0:43:57]} 14. Rad1 {[%clk 0:55:04]} Qc7
{[%clk 0:39:54]} 15. Bh4 {[%clk 0:42:42]} Qa5 {[%clk 0:35:38]} 16. Bc4
{[%clk 0:30:22]} Bd5 {[%clk 0:33:11]} 17. b4 {[%clk 0:27:03]} Qc7
{[%clk 0:32:52]} 18. Bd3 {[%clk 0:23:59]} Be6 {[%clk 0:31:24]} 19. Qc2
{[%clk 0:21:48]} Qc8 {[%clk 0:30:10]} 20. Bg5 {[%clk 0:20:53]} Bf5
{[%clk 0:26:59]} 21. Bxf5 {[%clk 0:19:06]} Qxf5 {[%clk 0:27:19]} 22. Qxf5
{[%clk 0:19:13]} gxf5 {[%clk 0:27:48]} 23. f3 {[%clk 0:13:38]} Nd5
{[%clk 0:19:19]} 24. Bd2 {[%clk 0:14:00]} f6 {[%clk 0:16:07]} 25. Nc4
{[%clk 0:08:09]} e5 {[%clk 0:14:50]} 26. Ne3 {[%clk 0:07:15]} f4 {[%clk 0:13:26]}
27. Nf5 {[%clk 0:07:30]} Bf8 {[%clk 0:13:02]} 28. a3 {[%clk 0:07:36]} b5
{[%clk 0:09:59]} 29. g3 {[%clk 0:07:48]} fxg3 {[%clk 0:06:05]} 30. hxg3
{[%clk 0:08:16]} Nb6 {[%clk 0:05:10]} 31. Kg2 {[%clk 0:08:25]} Nc4
{[%clk 0:05:30]} 32. Bc1 {[%clk 0:08:38]} a5 {[%clk 0:05:25]} 33. dxe5
{[%clk 0:07:34]} Rxd1 {[%clk 0:05:05]} 34. Rxd1 {[%clk 0:07:51]} Rxe5
{[%clk 0:05:21]} 35. g4 {[%clk 0:06:42]} Re2+ {[%clk 0:05:02]} 36. Kg3
{[%clk 0:06:56]} Rc2 {[%clk 0:05:19]} 37. Bh6 {[%clk 0:04:25]} Bxh6
{[%clk 0:04:29]} 38. Nxh6+ {[%clk 0:04:52]} Kf8 {[%clk 0:04:36]} 39. Rd7
{[%clk 0:02:38]} Ne5 {[%clk 0:03:28]} 40. Rd6 {[%clk 0:32:15]} Rxc3
{[%clk 0:30:45]} 41. Rxf6+ {[%clk 0:32:23]} Ke7 {[%clk 0:27:58]} 42. g5
{[%clk 0:31:14]} Rxa3 {[%clk 0:25:51]} 43. bxa5 {[%clk 0:30:00]} b4
{[%clk 0:25:22]} 44. Ng4 {[%clk 0:20:46]} Rxa5 {[%clk 0:09:15]} 45. Nxe5
{[%clk 0:19:28]} Rxe5 {[%clk 0:09:44]} 46. Rxc6 {[%clk 0:14:04]} Rxg5+
{[%clk 0:10:09]} 47. Kf4 {[%clk 0:13:58]} Rb5 {[%clk 0:09:27]} 48. Rh6
{[%clk 0:13:59]} b3 {[%clk 0:09:35]} 49. Rxh7+ {[%clk 0:14:26]} Kd6
{[%clk 0:09:28]} 50. Rh1 {[%clk 0:14:38]} b2 {[%clk 0:09:21]} 51. Rb1
{[%clk 0:15:03]} Kd5 {[%clk 0:09:30]} 52. Ke3 {[%clk 0:08:14]} Kc4
{[%clk 0:09:46]} 53. f4 {[%clk 0:08:30]} Kc3 {[%clk 0:09:46]} 54. Ke4
{[%clk 0:08:45]} Kc2 {[%clk 0:09:49]} 55. Rxb2+ {[%clk 0:09:10]} Rxb2
{[%clk 0:06:51]} 56. f5 {[%clk 0:09:30]} Kc3 57. f6 {[%clk 0:06:13]} Re2+
{[%clk 0:04:11]} 58. Kd5 {[%clk 0:06:29]} Kd3 {[%clk 0:03:30]} 59. f7
{[%clk 0:06:19]} Rf2 {[%clk 0:03:55]} 60. Ke6 {[%clk 0:06:38]} Kd4
{[%clk 0:04:09]} 61. Ke7 {[%clk 0:06:42]} Re2+ {[%clk 0:03:10]} 62. Kd7
{[%clk 0:06:51]} Rf2 {[%clk 0:03:36]} 63. Ke7 {[%clk 0:07:16]} Ke4 1/2-1/2

[Event "World Senior Championship F50+/F65+"]
[Site "Katerini"]
[Date "2014.10.28"]
[Round "5.2"]
[White "Saunina, Ludmila"]
[Black "Gaprindashvili, Nona"]
[Result "0-1"]
[WhiteElo "2190"]
[BlackElo "2299"]
[EventDate "2014.10.24"]

1. d4 {[%clk 1:30:58]} c5 {[%clk 1:30:49]} 2. d5 {[%clk 1:31:19]} e5
{[%clk 1:31:17]} 3. e4 {[%clk 1:31:36]} d6 {[%clk 1:31:46]} 4. Nc3
{[%clk 1:31:38]} g6 {[%clk 1:32:08]} 5. Bb5+ {[%clk 1:32:00]} Bd7
{[%clk 1:32:20]} 6. a4 {[%clk 1:32:14]} Nh6 {[%clk 1:32:03]} 7. Nf3
{[%clk 1:32:31]} Bg7 {[%clk 1:31:51]} 8. O-O {[%clk 1:32:49]} O-O
{[%clk 1:32:12]} 9. Re1 {[%clk 1:31:06]} f6 {[%clk 1:31:30]} 10. Bf1
{[%clk 1:31:13]} Nf7 {[%clk 1:30:54]} 11. Nd2 {[%clk 1:31:30]} Bh6
{[%clk 1:26:21]} 12. Nc4 {[%clk 1:31:42]} Bxc1 {[%clk 1:26:42]} 13. Qxc1
{[%clk 1:32:01]} Na6 {[%clk 1:26:42]} 14. Nb5 {[%clk 1:30:40]} Be8
{[%clk 1:17:48]} 15. Ra3 {[%clk 1:24:35]} Nc7 {[%clk 1:18:00]} 16. Rb3
{[%clk 1:24:09]} Nxb5 {[%clk 0:57:34]} 17. axb5 {[%clk 1:24:32]} Bd7
{[%clk 0:57:57]} 18. Qd2 {[%clk 1:18:18]} Qe7 {[%clk 0:51:20]} 19. Na5
{[%clk 1:15:50]} Rfb8 {[%clk 0:50:16]} 20. g3 {[%clk 1:09:43]} Qe8
{[%clk 0:50:20]} 21. Ra1 {[%clk 1:08:07]} Kg7 {[%clk 0:49:31]} 22. Bc4
{[%clk 1:02:56]} a6 {[%clk 0:48:20]} 23. bxa6 {[%clk 1:02:21]} b5
{[%clk 0:48:49]} 24. Bf1 {[%clk 1:00:36]} Rxa6 {[%clk 0:48:56]} 25. Rba3
{[%clk 1:00:22]} Rba8 {[%clk 0:46:36]} 26. b4 {[%clk 0:57:21]} Qc8
{[%clk 0:39:43]} 27. c4 {[%clk 0:55:37]} bxc4 {[%clk 0:36:48]} 28. Bxc4
{[%clk 0:46:16]} Rb6 {[%clk 0:37:08]} 29. bxc5 {[%clk 0:46:03]} Qxc5
{[%clk 0:37:25]} 30. Qe3 {[%clk 0:40:04]} Qxe3 {[%clk 0:35:18]} 31. Rxe3
{[%clk 0:40:30]} Rb4 {[%clk 0:35:24]} 32. Bf1 {[%clk 0:39:32]} f5
{[%clk 0:28:11]} 33. exf5 {[%clk 0:35:54]} Bxf5 {[%clk 0:28:17]} 34. f3
{[%clk 0:34:24]} Rd4 {[%clk 0:27:29]} 35. g4 {[%clk 0:34:19]} Bd7
{[%clk 0:27:16]} 36. Rd3 {[%clk 0:31:27]} Ng5 {[%clk 0:23:08]} 37. Kf2
{[%clk 0:31:30]} Rxd3 {[%clk 0:22:14]} 38. Bxd3 {[%clk 0:31:59]} Rf8
{[%clk 0:22:21]} 39. Kg2 {[%clk 0:29:18]} Rxf3 {[%clk 0:15:40]} 40. Be2
{[%clk 0:59:21]} Rf4 {[%clk 0:45:32]} 41. h3 {[%clk 0:57:53]} h5 {[%clk 0:33:03]}
42. gxh5 {[%clk 0:56:21]} Bxh3+ {[%clk 0:32:31]} 43. Kg3 {[%clk 0:56:19]} Bf5
{[%clk 0:31:12]} 44. Bd1 {[%clk 0:47:15]} Rd4 {[%clk 0:25:01]} 45. Nc6
{[%clk 0:44:39]} Rxd5 {[%clk 0:24:38]} 46. hxg6 {[%clk 0:44:54]} Rd3+
{[%clk 0:24:04]} 47. Kh2 {[%clk 0:44:38]} Bxg6 {[%clk 0:23:50]} 48. Bg4
{[%clk 0:43:30]} Be4 {[%clk 0:23:56]} 49. Ne7 {[%clk 0:42:33]} Kf6
{[%clk 0:22:22]} 50. Ra7 {[%clk 0:41:18]} Nf3+ {[%clk 0:20:32]} 51. Kg3
{[%clk 0:37:29]} Kg5 {[%clk 0:20:29]} 52. Bc8 {[%clk 0:36:54]} Nd4+
{[%clk 0:19:43]} 53. Kh2 {[%clk 0:34:06]} Rd2+ {[%clk 0:19:38]} 54. Kh3
{[%clk 0:33:22]} Kf4 {[%clk 0:17:37]} 55. Ng8 {[%clk 0:32:38]} Bg2+
{[%clk 0:15:14]} 56. Kh4 {[%clk 0:32:32]} Bd5 {[%clk 0:15:34]} 0-1

[Event "World Senior Championship F50+/F65+"]
[Site "Katerini"]
[Date "2014.10.28"]
[Round "5.3"]
[White "Ankudinova, Yelena"]
[Black "Fatalibekova, Elena"]
[Result "1/2-1/2"]
[WhiteElo "2121"]
[BlackElo "2215"]
[EventDate "2014.10.24"]

1. b3 {[%clk 1:30:50]} e5 {[%clk 1:29:00]} 2. Bb2 {[%clk 1:31:05]} Nc6
{[%clk 1:29:05]} 3. e3 {[%clk 1:31:25]} Nf6 {[%clk 1:28:54]} 4. Bb5
{[%clk 1:31:48]} e4 {[%clk 1:26:41]} 5. Bxc6 {[%clk 1:22:57]} bxc6
{[%clk 1:26:07]} 6. Ne2 {[%clk 1:20:47]} d5 {[%clk 1:26:11]} 7. Nbc3
{[%clk 1:13:33]} Bd6 {[%clk 1:23:51]} 8. d3 {[%clk 1:11:43]} O-O {[%clk 1:17:27]}
9. dxe4 {[%clk 1:11:14]} dxe4 {[%clk 1:17:29]} 10. Ng3 {[%clk 1:04:30]} Qe7
{[%clk 1:17:23]} 11. Nh5 {[%clk 0:41:47]} Rd8 {[%clk 1:00:49]} 12. Qe2
{[%clk 0:35:05]} a5 {[%clk 0:52:01]} 13. Nxf6+ {[%clk 0:34:14]} Qxf6
{[%clk 0:52:14]} 14. O-O-O {[%clk 0:34:30]} Ba6 {[%clk 0:44:33]} 15. Qe1
{[%clk 0:31:14]} Be5 {[%clk 0:43:36]} 16. Rxd8+ {[%clk 0:26:51]} Rxd8
{[%clk 0:43:29]} 17. Na4 {[%clk 0:27:07]} Bxb2+ {[%clk 0:36:16]} 18. Nxb2
{[%clk 0:27:32]} a4 {[%clk 0:36:13]} 19. Qa5 {[%clk 0:22:32]} Be2
{[%clk 0:25:19]} 20. Qxa4 {[%clk 0:19:52]} Qxf2 {[%clk 0:25:45]} 21. Qxe4
{[%clk 0:15:39]} Bf1 {[%clk 0:24:24]} 22. Nc4 {[%clk 0:15:52]} Ra8
{[%clk 0:17:35]} 23. Qf3 {[%clk 0:11:58]} Qxf3 {[%clk 0:16:32]} 24. gxf3
{[%clk 0:12:26]} Bxc4 {[%clk 0:16:51]} 25. bxc4 {[%clk 0:12:52]} Rxa2
{[%clk 0:17:09]} 26. Kd2 {[%clk 0:12:38]} 1/2-1/2

[Event "World Senior Championship F50+/F65+"]
[Site "Katerini"]
[Date "2014.10.28"]
[Round "5.4"]
[White "Melashvili, Nino"]
[Black "Strutinskaia, Galina"]
[Result "1-0"]
[WhiteElo "2135"]
[BlackElo "2287"]
[EventDate "2014.10.24"]

1. Nf3 {[%clk 1:30:57]} e6 {[%clk 1:30:39]} 2. d4 {[%clk 1:31:03]} Nf6
{[%clk 1:31:01]} 3. Bf4 {[%clk 1:31:23]} c5 {[%clk 1:30:15]} 4. e3
{[%clk 1:31:15]} b6 {[%clk 1:30:06]} 5. Bd3 {[%clk 1:31:26]} Bb7 {[%clk 1:30:17]}
6. Nbd2 {[%clk 1:30:21]} Be7 {[%clk 1:30:16]} 7. h3 {[%clk 1:30:27]} d6
{[%clk 1:30:04]} 8. c3 {[%clk 1:29:41]} Nbd7 {[%clk 1:25:52]} 9. Qe2
{[%clk 1:29:27]} a6 {[%clk 1:25:12]} 10. e4 {[%clk 1:27:41]} b5 {[%clk 1:25:08]}
11. O-O {[%clk 1:22:06]} O-O {[%clk 1:25:01]} 12. e5 {[%clk 1:21:01]} dxe5
{[%clk 1:23:50]} 13. dxe5 {[%clk 1:21:18]} Nh5 {[%clk 1:22:12]} 14. Bh2
{[%clk 1:16:03]} g6 {[%clk 1:22:30]} 15. Be4 {[%clk 1:15:58]} Rb8
{[%clk 1:18:47]} 16. Bxb7 {[%clk 1:15:30]} Rxb7 {[%clk 1:19:16]} 17. Ne4
{[%clk 1:14:49]} Nb6 {[%clk 1:16:57]} 18. g4 {[%clk 1:08:25]} Ng7
{[%clk 1:17:12]} 19. Qe3 {[%clk 1:05:44]} f5 {[%clk 1:10:15]} 20. exf6
{[%clk 1:04:30]} Bxf6 {[%clk 1:10:39]} 21. Nxc5 {[%clk 1:02:48]} Rbf7
{[%clk 1:06:00]} 22. Nxe6 {[%clk 0:50:21]} Nxe6 {[%clk 1:06:21]} 23. Qxe6
{[%clk 0:50:49]} Re8 {[%clk 1:04:59]} 24. Qc6 {[%clk 0:48:30]} Na4
{[%clk 1:04:24]} 25. Rae1 {[%clk 0:19:42]} Rxe1 {[%clk 0:57:18]} 26. Rxe1
{[%clk 0:20:01]} Qd3 {[%clk 0:56:59]} 27. Qe8+ {[%clk 0:15:15]} Rf8
{[%clk 0:56:36]} 28. Qe6+ {[%clk 0:15:32]} Kg7 {[%clk 0:53:51]} 29. g5
{[%clk 0:14:39]} Qxf3 {[%clk 0:53:30]} 30. gxf6+ {[%clk 0:14:23]} Rxf6
{[%clk 0:53:03]} 31. Qd7+ {[%clk 0:12:12]} Kh6 {[%clk 0:51:09]} 32. Qd2+
{[%clk 0:12:11]} g5 {[%clk 0:49:06]} 33. Re3 {[%clk 0:08:43]} Qf5
{[%clk 0:48:02]} 34. Re5 {[%clk 0:07:59]} Qb1+ {[%clk 0:48:03]} 35. Kg2
{[%clk 0:08:28]} Rg6 {[%clk 0:47:20]} 36. h4 {[%clk 0:08:22]} Kg7
{[%clk 0:45:59]} 37. hxg5 {[%clk 0:08:36]} 1-0

[Event "World Senior Championship F50+/F65+"]
[Site "Katerini"]
[Date "2014.10.28"]
[Round "5.5"]
[White "Priedite, Ingrida"]
[Black "Lauterbach, Ingrid"]
[Result "1/2-1/2"]
[WhiteElo "2225"]
[BlackElo "2095"]
[EventDate "2014.10.24"]

1. c4 {[%clk 1:30:55]} e5 {[%clk 1:30:46]} 2. Nc3 {[%clk 1:31:06]} d6
{[%clk 1:30:49]} 3. g3 {[%clk 1:31:01]} g6 {[%clk 1:30:47]} 4. Bg2
{[%clk 1:30:48]} Bg7 {[%clk 1:30:40]} 5. d3 {[%clk 1:30:00]} Ne7 {[%clk 1:30:00]}
6. e3 {[%clk 1:23:57]} O-O {[%clk 1:28:53]} 7. Nge2 {[%clk 1:20:34]} c6
{[%clk 1:27:26]} 8. O-O {[%clk 1:19:39]} Qc7 {[%clk 1:22:39]} 9. Rb1
{[%clk 1:17:15]} a5 {[%clk 1:14:33]} 10. b3 {[%clk 0:58:43]} Na6 {[%clk 1:14:11]}
11. a3 {[%clk 0:57:57]} Be6 {[%clk 1:09:32]} 12. b4 {[%clk 0:55:33]} axb4
{[%clk 1:07:23]} 13. axb4 {[%clk 0:55:55]} Qd7 {[%clk 1:06:55]} 14. b5
{[%clk 0:43:45]} Nc7 {[%clk 1:06:36]} 15. bxc6 {[%clk 0:42:39]} bxc6
{[%clk 1:06:42]} 16. Na4 {[%clk 0:41:54]} Rab8 {[%clk 1:04:08]} 17. Ba3
{[%clk 0:40:15]} Na6 {[%clk 1:02:11]} 18. Qc2 {[%clk 0:35:57]} Rxb1
{[%clk 0:54:39]} 19. Rxb1 {[%clk 0:36:09]} Rb8 {[%clk 0:54:22]} 20. Rxb8+
{[%clk 0:31:06]} Nxb8 {[%clk 0:54:47]} 21. Qb3 {[%clk 0:30:17]} Qc7
{[%clk 0:51:32]} 22. Nec3 {[%clk 0:29:25]} Nc8 {[%clk 0:48:47]} 23. Ne4
{[%clk 0:25:54]} h6 {[%clk 0:47:43]} 24. Nd2 {[%clk 0:21:29]} Nd7
{[%clk 0:43:44]} 25. Bb2 {[%clk 0:21:17]} Nf6 {[%clk 0:38:44]} 26. d4
{[%clk 0:16:25]} exd4 {[%clk 0:36:42]} 27. Bxd4 {[%clk 0:15:52]} Ne8
{[%clk 0:32:32]} 28. Bxg7 {[%clk 0:14:55]} Kxg7 {[%clk 0:32:38]} 29. Qb2+
{[%clk 0:15:02]} Kg8 {[%clk 0:32:52]} 30. c5 {[%clk 0:13:03]} Ne7
{[%clk 0:29:03]} 31. Qb6 {[%clk 0:05:26]} dxc5 {[%clk 0:28:01]} 32. Qxc7
{[%clk 0:05:43]} Nxc7 {[%clk 0:28:26]} 33. Nxc5 {[%clk 0:06:03]} Bd5
{[%clk 0:23:21]} 34. e4 {[%clk 0:05:41]} Ba2 {[%clk 0:22:57]} 35. f4 f6
{[%clk 0:23:09]} 36. Kf2 {[%clk 0:05:59]} f5 {[%clk 0:18:41]} 37. Ke3
{[%clk 0:02:29]} fxe4 {[%clk 0:17:51]} 38. Bxe4 {[%clk 0:02:24]} Bd5
{[%clk 0:15:59]} 39. Kd4 {[%clk 0:01:56]} Kf7 {[%clk 0:11:19]} 40. Nf3
{[%clk 0:31:18]} 1/2-1/2

[Event "World Senior Championship F50+/F65+"]
[Site "Katerini"]
[Date "2014.10.28"]
[Round "5.6"]
[White "Bogumil, Tatiana"]
[Black "Titorenko, Natalia I"]
[Result "1/2-1/2"]
[WhiteElo "2149"]
[BlackElo "2123"]
[EventDate "2014.10.24"]

1. Nf3 {[%clk 1:29:51]} Nf6 {[%clk 1:30:54]} 2. c4 {[%clk 1:29:34]} g6
{[%clk 1:31:06]} 3. Nc3 {[%clk 1:29:22]} Bg7 {[%clk 1:31:17]} 4. e4
{[%clk 1:29:15]} d6 {[%clk 1:30:41]} 5. d4 {[%clk 1:29:10]} O-O {[%clk 1:29:00]}
6. Be2 {[%clk 1:28:54]} c6 {[%clk 1:27:58]} 7. O-O {[%clk 1:28:59]} Qc7
{[%clk 1:15:46]} 8. Bg5 {[%clk 1:19:41]} Nbd7 {[%clk 1:02:29]} 9. Qd2
{[%clk 1:18:21]} Re8 {[%clk 0:58:16]} 10. Rfe1 {[%clk 1:16:41]} e5
{[%clk 0:52:21]} 11. Bf1 {[%clk 1:14:42]} Nf8 {[%clk 0:51:17]} 12. d5
{[%clk 1:11:03]} Bg4 {[%clk 0:45:21]} 13. Nh4 {[%clk 1:00:10]} Rad8
{[%clk 0:32:54]} 14. Bh6 {[%clk 0:56:12]} Nh5 {[%clk 0:21:26]} 15. Bxg7
{[%clk 0:51:36]} Nxg7 {[%clk 0:21:03]} 16. b4 {[%clk 0:38:08]} Qe7
{[%clk 0:16:31]} 17. g3 {[%clk 0:37:55]} Bc8 {[%clk 0:13:45]} 18. Qe3
{[%clk 0:31:47]} a6 {[%clk 0:09:36]} 19. a4 {[%clk 0:30:36]} f5 {[%clk 0:08:36]}
20. exf5 {[%clk 0:30:20]} gxf5 {[%clk 0:07:42]} 21. Qh6 {[%clk 0:26:44]} Qf7
{[%clk 0:07:07]} 22. a5 {[%clk 0:25:46]} Qh5 {[%clk 0:04:33]} 23. Qd2
{[%clk 0:25:30]} Qf7 {[%clk 0:03:21]} 24. Bg2 {[%clk 0:21:43]} Bd7
{[%clk 0:02:12]} 25. Nf3 {[%clk 0:21:50]} Nh5 {[%clk 0:01:27]} 26. Rad1
{[%clk 0:18:01]} Nf6 {[%clk 0:01:52]} 27. Nh4 {[%clk 0:17:53]} e4
{[%clk 0:01:27]} 28. Qf4 {[%clk 0:16:24]} cxd5 {[%clk 0:01:26]} 29. Nxd5
{[%clk 0:09:40]} Nxd5 {[%clk 0:01:52]} 30. Rxd5 {[%clk 0:10:02]} Ng6
{[%clk 0:01:54]} 31. Qg5 {[%clk 0:09:32]} Qe7 {[%clk 0:01:48]} 32. Qxe7
{[%clk 0:09:31]} Nxe7 {[%clk 0:02:10]} 33. Rxd6 {[%clk 0:09:48]} Nc6
{[%clk 0:01:46]} 34. Red1 {[%clk 0:05:02]} Be6 {[%clk 0:02:15]} 35. c5
{[%clk 0:04:00]} Rxd6 {[%clk 0:02:31]} 36. cxd6 {[%clk 0:03:32]} Nxb4
{[%clk 0:02:54]} 37. g4 {[%clk 0:03:49]} fxg4 {[%clk 0:02:50]} 38. Bxe4
{[%clk 0:03:56]} Nc6 {[%clk 0:03:08]} 39. Nf5 {[%clk 0:02:23]} Bxf5
{[%clk 0:02:34]} 40. Bxf5 {[%clk 0:32:46]} Nxa5 {[%clk 0:32:19]} 41. Bxg4
{[%clk 0:32:38]} Nc6 1/2-1/2